| 000 | 01351nam a22003497a 4500 | ||
|---|---|---|---|
| 003 | CHAP | ||
| 005 | 20220329143825.0 | ||
| 008 | 111013s2010 mx a r 00010 spa d | ||
| 010 | _a102376 | ||
| 011 | _a103348 | ||
| 020 | _a736070950458 | ||
| 035 | _a114037 | ||
| 040 | _cCHAP | ||
| 082 | 0 | 4 |
_a363.697252 _bG16 |
| 100 | 0 | 0 |
_aGarcía Luna Ortega, Margarita. _946233 |
| 245 | 1 | 4 |
_aLas casas antiguas de mi ciudad _c/por Margarita García Luna Ortega |
| 260 |
_aToluca, Méx. : _bGobierno del Estado de México, _c2010 |
||
| 300 |
_a324 p. : _bilus. |
||
| 490 |
_aBiblioteca Mexiquense del Bicentenario. _pColección Mayor. _pEstado de México: patrimonio de un pueblo |
||
| 590 |
_aBATCH-UPD _b10 _c20130110 _lUCH01 _h1553 |
||
| 590 |
_aBATCH-UPD _b10 _c20130410 _lUCH01 _h0951 |
||
| 590 |
_aBATCH-UPD _b10 _c20130914 _lUCH01 _h0400 |
||
| 590 |
_aCONVERSION _b10 _c20130109 _lUCH01 _h1356 |
||
| 650 | 1 | 4 |
_aArquitectura mexicana. _97381 |
| 650 | 1 | 4 |
_aCiudades y pueblos _xMéxico (Edo.) _923527 |
| 650 | 1 | 4 |
_aEdificios _xMantenimiento y reparación. _935371 |
| 710 | 2 |
_aMéxico. Gobierno del Estado. _977067 |
|
| 830 |
_aBiblioteca Mexiquense del Bicentenario. _pColección Mayor. _pEstado de México: patrimonio de un pueblo _912425 |
||
| 901 | _aBK | ||
| 942 | _cLIBRO | ||
| 949 |
_a363.697252 G16 _bBC _cLIBRO _d33724002308397 _eLIBRO _h115980 _i114037 _sb |
||
| 999 |
_c102376 _d102376 |
||